En lugar de la mancha

Guardado en:
Bibliografiske detaljer
Hovedforfatter: Barría, Rey 1951-
Format: Documento de Gobierno Bog
Sprog:Spanish
Udgivet: Panamá Editorial Mariano Arosemena 1991
Serier:Colección letrabierta
Fag:
Tags: Tilføj Tag
Ingen Tags, Vær først til at tagge denne postø!

MARC

LEADER 00000nam a22000007a 4500
008 131204b1991 p ||||g |||| 000 1 spa d
086 |a P863.44 B275e 
100 1 |a Barría, Rey  |d 1951- 
245 1 0 |a En lugar de la mancha  |c Rey Barría 
260 |a Panamá  |b Editorial Mariano Arosemena  |c 1991 
300 |a 63 páginas 
490 0 |a Colección letrabierta 
650 1 7 |9 52  |a LITERATURA PANAMEÑA  |v CUENTOS 
942 |2 ddc  |c BK 
999 |c 2650  |d 2650